Statistics for Missing Letter Pairs

Click here to take the quiz!

General Stats

  • This quiz has been taken 2,512 times
  • The average score is 8 of 20

Answer Stats

Answer% Correct
C{oo}kb{oo}k
87%
D{is}tingu{is}h
86%
P{er}sev{er}e
79%
{Ha}p{ha}zard
74%
H{ar}dw{ar}e
63%
{Wo}od{wo}rk
53%
V{io}lat{io}n
45%
{Ho}rses{ho}e
44%
Tr{ou}bad{ou}r
43%
Who{le}sa{le}
34%
H{ob}g{ob}lin
29%
S{en}tim{en}t
28%
P{ed}dl{ed}
27%
{Un}da{un}ted
16%
Lo{ng}i{ng}
12%
S{at}ur{at}e
11%
{Or}at{or}
8%
{Ca}s{ca}de
7%
A{ne}mo{ne}
6%
A{lf}a{lf}a
5%

Score Distribution

Percentile by Number Answered

Percent of People with Each Score

Your Score History

You have not taken this quiz